000 00644nam a2200205 a 4500
999 _c2153
_d2153
003 BD-JhCC
005 20171102090846.0
008 171030s1965 bg |||| ||a| 000 0 ben d
035 _a(BD-JhCC)
040 _aBD-JhCC
_dBD-JhCC
041 _aben
082 _a891.4409
_bCHU 1965
100 _aচৌধুরী, মুনীর
245 _aমীর-মানস /
_cমুনীর চৌধুরী
260 _aঢাকা :
_bআহমদ পাবলিশিং হাউস,
_bবাংলা একাডেমী,
_c1965.
300 _a246 p. :
_c21 cm.
650 _aBengali Literature
942 _2ddc
_cBK